| 000 -ლიდერი |
| ფიქსირებული სიგრძის საკონტროლო ველი |
01262nam a2200253Ia 4500 |
| 001 - საკონტროლო ნომერი |
| საკონტროლო ველი |
14063 |
| 003 - საკონტროლო ნომრის იდენტიფიკატორი |
| საკონტროლო ველი |
GE_BSU |
| 005 - ბოლო ოპერაციის თარიღი და დრო |
| საკონტროლო ველი |
20241029173258.0 |
| 008 - ფიქსირებული სიგრძის მონაცემთა ელემენტები - ზოგადი ინფორმაცია |
| ფიქსირებული სიგრძის საკონტროლო ველი |
181216s2012||||ge |||||||||||||| ||geo|| |
| 020 ## - წიგნის საერთაშორისო სტანდარტული ნომერი |
| International Standard Book Number |
9789941193460 |
| 040 ## - კატალოგიზაციის წყარო |
| Transcribing agency |
GE_BSU |
| 041 ## - ენის კოდი |
| Language code of text/sound track or separate title |
geo |
| 080 ## - უნივერსალური ათობითი კლასიფიკაციის ინდექსი |
| Universal Decimal Classification number |
821.133.1-31 ჰ-721 |
| 100 ## - მთავარი ჩანაწერი - პიროვნების სახელი |
| Personal name |
ჰიუგო, ვიქტორ |
| 9 (RLIN) |
11739 |
| 245 ## - ცნობა სათაურის შესახებ |
| Title |
კაცი, რომელიც იცინის : |
| Remainder of title |
ნაწ.1-ლი / |
| Statement of responsibility, etc |
ვიქტორ ჰიუგო ; ბაბილინა ხოსიტაშვილის თარგმანი ; რედ. : ლევან ინასარიძე. |
| 264 ## - წარმოების, გამოცემის, დისტრიბუციის და სხვა ცნობები |
| გამოცემის, წარმოების, დისტრიბუციის... ადგილი |
თბილისი : |
| გამოცემის, წარმოების, დისტრიბუციის... სახელწოდება |
პალიტრა L, |
| გამოცემის, წარმოების, დისტრიბუციის... თარიღი |
2012. |
| 300 ## - ფიზიკური აღწერა |
| Extent |
390 გვ. ; |
| Dimensions |
22 სმ. |
| 490 ## - სერიის ცნობა |
| Series statement |
50 წიგნი, რომელიც უნდა წაიკითხო, სანამ ცოცხალი ხარ |
| Volume number/sequential designation |
წიგნი 34 ტ.1 |
| 653 ## - INDEX TERM--UNCONTROLLED |
| Uncontrolled term |
კაცი, რომელიც იცინის ნაწილი1-ლი |
| 700 ## - ADDED ENTRY--PERSONAL NAME |
| Personal name |
ხოსიტაშვილი, ბაბილინა |
| Relator term |
თარგმანი |
| 9 (RLIN) |
23542 |
| 700 ## - ADDED ENTRY--PERSONAL NAME |
| Personal name |
ინასარიძე, ლევან |
| Relator term |
რედაქტორი |
| 9 (RLIN) |
22862 |
| 942 ## - ADDED ENTRY ELEMENTS (KOHA) |
| Koha item type |
წიგნი |
| Source of classification or shelving scheme |
|